Loreto College Library, Kolkata
WEBOPAC (ONLINE PUBLIC ACCESS CATALOGUE)

Doing theory (Record no. 42614)

MARC details
000 -LEADER
fixed length control field 00710nam a22002297a 4500
005 - DATE AND TIME OF LATEST TRANSACTION
control field 20240730154551.0
008 - FIXED-LENGTH DATA ELEMENTS--GENERAL INFORMATION
fixed length control field 200304b xxu||||| |||| 00| 0 eng d
020 ## - ISBN | অাই এস বি এন
ISBN | অাই এস বি এন 9789352873647
PRICE Rs 795
040 ## - CATALOGING SOURCE
Language of cataloging eng
041 ## - LANGUAGE CODE
Language code English
082 ## - DDC | ডিউই
Classification number | বর্গসংখ্যা 305.800954
Book Number | গ্রন্থাঙ্ক (SOC)CHA
245 ## - TITLE STATEMENT | অাখ্যা বিবরণী
Title | অাখ্যা Doing theory
Sub title | উপঅাখ্যা Locations, hierarchies and disjunctions
Statement of responsibility | লেখকের দায়িত্বের বিবরণ Editors Maitrayee Chaudhuri, Manish Thakur
260 ## - IMPRINT | প্রকাশনা ক্ষেত্র
Place of publication | প্রকাশ স্থান Hyderabad
Name of publisher | প্রকাশকের নাম Orient Blackswan Private Limited
Date of publication | প্রকাশ কাল 2018
300 ## - PHYSICAL DESCRIPTION |
Page / Vol. No | পৃষ্ঠা / খন্ড সংখ্যা vii,378p
Other physical details | অনান্য বাহ্যিক বিবরণ 24 cm
504 ## - BIBLIOGRAPHY, ETC. NOTE
Bibliography, etc Includes references and index
650 ## - SUBJECT ADDED ENTRY--TOPICAL TERM | বিষয় শিরোনাম - মূল বিষয়
Topical term | মূল বিষয় Sociology
Geographic subdivision | ভৌগলিক বিভাগ India
650 ## - SUBJECT ADDED ENTRY--TOPICAL TERM | বিষয় শিরোনাম - মূল বিষয়
Topical term | মূল বিষয় Ethnology
Geographic subdivision | ভৌগলিক বিভাগ India
700 ## - ADDED ENTRY--PERSONAL NAME | অতিরিক্ত সংলেখ - ব্
Relator code | দায়িত্ব নির্দেশক ed.
Personal name | ব্যাক্তিনাম Chaudhuri, Maitrayee
700 ## - ADDED ENTRY--PERSONAL NAME | অতিরিক্ত সংলেখ - ব্
Relator code | দায়িত্ব নির্দেশক ed.
Personal name | ব্যাক্তিনাম Thakur, Manish
850 ## - HOLDING INSTITUTION
Holding institution LCLIB
Sub Holdings Sociology
942 ## - ADDED ENTRY ELEMENTS (KOHA)
Koha item type Books
Holdings
Withdrawn status Lost status Source of classification Damaged status Not for loan Home library Current library Date acquired Price Total Checkouts Full call number Accession No. Date last seen Price effective from Koha item type
    Dewey Decimal Classification     Loreto College Loreto College 04/03/2020 975.00   305.800954 CHA 53643 46636 04/03/2020 04/03/2020 Books